00430nam a2200145Ia 4500003000400000008004100004040001600045082001800061100001900079245007100098260004600169300001000215650002700225650003200252GCL140319s9999 xx 000 0 eng d aGCL / cGCL04a150.1952bY D1 aRITVO, LUCILLE10aDARWIN'S INFLUENCE ON FREUD: A TALE OF SCIENCES / cRITVO, LUCILLE a[S.N] : bYALE UNIVERSITY PRESS ، c1990 a266 P04aFREUD, S.(1856 - 1939)04aDARWIN, CHARLES 1809 - 1882